Savings in Asian economy (Record no. 434347)

000 -LEADER
fixed length control field 00328cam a22001217a 4500
008 - FIXED-LENGTH DATA ELEMENTS--GENERAL INFORMATION
fixed length control field 180718b1965 xxu||||| |||| 00| 0 eng d
082 ## - DEWEY DECIMAL CLASSIFICATION NUMBER
Classification number T1122x52 Si64
245 ## - TITLE STATEMENT
Title Savings in Asian economy
Statement of responsibility, etc. edited by M.R.Sinha
260 ## - PUBLICATION, DISTRIBUTION, ETC.
Place of publication, distribution, etc. Bombay
Name of publisher, distributor, etc. Asia Studies Press
Date of publication, distribution, etc. 1965
300 ## - PHYSICAL DESCRIPTION
Extent v,221p.
650 ## - SUBJECT ADDED ENTRY--TOPICAL TERM
Topical term or geographic name entry element Economics
700 ## - ADDED ENTRY--PERSONAL NAME
Personal name Sinha, M.R.
Holdings
Withdrawn status Lost status Damaged status Not for loan Permanent Location Current Location Date acquired Full call number Barcode Date last seen Price effective from Koha item type
        Indian Institute of Public Administration Indian Institute of Public Administration 2010-02-15 T1122x52 Si64 38560 2018-07-21 2018-07-21 Book

Powered by Koha